Meilleur vitesse 6g - Statistiques

Statistiques générales
  • Ce quiz a été pris 12 fois
  • Le résultat moyen est 7 sur 13
Statistiques - réponses
Hint Réponse % Correct
126 flambusard
100%
122 amphinobi
67%
118 brutalibre
67%
123 bruyverne
67%
109 iguolta
67%
110 mega diancie
67%
132 sachanobie
67%
115 zygarde 10%
67%
102 couafarel
33%
104 goupelin
33%
104 mistigrix
33%
106 nemelios
33%
101 dedenne
0%
Aucun quiz correspondant
Distribution des résultats
% des personnes avec chaque résultat
Percentile par nombre de réponses
Votre historique - résultats
Vous n’avez pas pris ce quiz